000 01019nam a2200277Ia 4500
003 OSt
005 20221005105644.0
006 a|||||r|||| 00| 0
007 ta
008 221004b |||||||| |||| 00| 0 mar d
020 _a8181434625 (hbk)
_c250
024 _a106149
037 _b372, 17/02/2011, Vani Prakashan
_cTextual
040 _aCRL
_cCRL
_bmar
041 _2mar
_amar
082 _aO155,3N56,PA, 152P6
100 _aगायकवाड़, लक्ष्मण
245 0 _aपथर कटवा
246 _aPathar kaṭavā
260 _aनई दिल्ली
_bवाणी प्रकाशन भारत
_c2006
300 _a198पृ0
_ccm.
650 _aमराठी साहित्य
700 _a शेटे, प्रभा, अनु.
942 _hO155,3N56,PA, 152P6
_cTEXL
_2cc
999 _c1016473
_d1016473